[Event "X GRAN TORNEO INTERNACIONAL AFICIONADOS S-2300 "]
[Site "Benidorm (Alicante - SPAIN)"]
[Date "2011.12.09"]
[Round "9"]
[Board "1"]
[White "Garcia, Eduardo"]
[Black "Megias Chafer, Alejandro"]
[Result "1-0"]
[WhiteElo "2284"]
[BlackElo "2117"]
[PlyCount "79"]
[EventDate "2011.12.02"]
[EventRounds "10"]
[EventCountry "ESP"]

1. e4 d5 2. exd5 Qxd5 3. Nc3 Qa5 4. d4 Nf6 5. Nf3 Bg4 6. h3 Bh5 7. g4 Bg6 8.
Ne5 e6 9. Bg2 c6 10. h4 Be4 11. Bxe4 Nxe4 12. Qf3 Nd6 13. Bf4 f6 14. Nd3 Nb5
15. O-O Nxc3 16. bxc3 Qd5 17. Qe2 Nd7 18. Rfe1 Kf7 19. Bg3 Qc4 20. Rad1 Re8 21.
Qe3 Nb6 22. g5 Qd5 23. Qf4 Qf5 24. Qc7+ Re7 25. Qb8 Nd5 26. Nc5 b6 27. Ne4 Re8
28. Qb7+ Kg6 29. Qxc6 Be7 30. c4 Nf4 31. Bxf4 Qxf4 32. Ng3 Qxh4 33. Rxe6 Rc8
34. Qb5 Qg4 35. Rde1 Bd8 36. Qd7 Rc7 37. Rxf6+ Kxg5 38. Rf5+ Kh4 39. Qd5 g6 40.
Qh1+ 1-0

[Event "X GRAN TORNEO INTERNACIONAL AFICIONADOS S-2300 "]
[Site "Benidorm (Alicante - SPAIN)"]
[Date "2011.12.09"]
[Round "9"]
[Board "1"]
[White "Mirete Bernabe, Marco Antonio"]
[Black "Aledo Lopez, Angel"]
[Result "1-0"]
[WhiteElo "2204"]
[BlackElo "2069"]
[PlyCount "47"]
[EventDate "2011.12.02"]
[EventRounds "10"]
[EventCountry "ESP"]

1. c4 Nf6 2. Nc3 c6 3. Nf3 d5 4. e3 e6 5. a3 Bd6 6. d4 Nbd7 7. Bd3 dxc4 8. Bxc4
b5 9. Bd3 h6 10. e4 Be7 11. O-O a6 12. b4 O-O 13. Qe2 a5 14. Rb1 axb4 15. axb4
Nb6 16. Rd1 Bb7 17. e5 Nfd5 18. Qe4 g6 19. Nxd5 Nxd5 20. Bxh6 Nc3 21. Qg4 Kh7
22. Ng5+ Bxg5 23. Bxg5 f6 24. Qh5+ 1-0

[Event "X GRAN TORNEO INTERNACIONAL AFICIONADOS S-2300 "]
[Site "Benidorm (Alicante - SPAIN)"]
[Date "2011.12.09"]
[Round "9"]
[Board "1"]
[White "Navarrete Espi, Samuel"]
[Black "Marcos Pinto, Luis"]
[Result "1/2-1/2"]
[WhiteElo "2107"]
[BlackElo "2191"]
[PlyCount "37"]
[EventDate "2011.12.02"]
[EventRounds "10"]
[EventCountry "ESP"]

1. e4 c5 2. Nf3 e6 3. d4 cxd4 4. Nxd4 Nc6 5. Nc3 Qc7 6. Be3 a6 7. Qd2 Nf6 8. f3
b5 9. g4 h6 10. O-O-O Nxd4 11. Bxd4 Bb7 12. Bd3 Bc5 13. Bxc5 Qxc5 14. h4 O-O-O
15. g5 Ne8 16. Rhe1 hxg5 17. hxg5 f6 18. f4 fxg5 19. fxg5 1/2-1/2

[Event "X GRAN TORNEO INTERNACIONAL AFICIONADOS S-2300 "]
[Site "Benidorm (Alicante - SPAIN)"]
[Date "2011.12.09"]
[Round "9"]
[Board "1"]
[White "Martin Martin, Luis Vicente"]
[Black "Diaz Herrero, Alvaro"]
[Result "0-1"]
[WhiteElo "2059"]
[BlackElo "2135"]
[PlyCount "54"]
[EventDate "2011.12.02"]
[EventRounds "10"]
[EventCountry "ESP"]

1. d4 Nf6 2. Nf3 e6 3. Bf4 c5 4. e3 b6 5. c3 Bb7 6. Be2 Be7 7. Nbd2 Nh5 8. Bg3
Nxg3 9. hxg3 cxd4 10. exd4 d6 11. Nc4 Nd7 12. Bd3 Qc7 13. Qe2 Rc8 14. Ne3 h6
15. Ba6 Nf6 16. g4 Bxa6 17. Qxa6 Ne4 18. d5 O-O 19. dxe6 fxe6 20. Rg1 Rf6 21.
Qd3 Nc5 22. Qe2 Rcf8 23. Rd1 d5 24. Nd4 Ne4 25. Ndf5 Bc5 26. f3 exf5 27. fxe4
f4 0-1

[Event "X GRAN TORNEO INTERNACIONAL AFICIONADOS S-2300 "]
[Site "Benidorm (Alicante - SPAIN)"]
[Date "2011.12.09"]
[Round "9"]
[Board "1"]
[White "Paya Prats, Damian"]
[Black "Roiget Pla, Robert"]
[Result "0-1"]
[WhiteElo "2028"]
[BlackElo "2127"]
[PlyCount "50"]
[EventDate "2011.12.02"]
[EventRounds "10"]
[EventCountry "ESP"]

1. d4 Nf6 2. c4 e6 3. Nf3 b6 4. a3 Bb7 5. Nc3 Be7 6. Bg5 d5 7. Bxf6 Bxf6 8.
cxd5 exd5 9. e3 O-O 10. Rc1 c5 11. dxc5 bxc5 12. Be2 d4 13. exd4 cxd4 14. Nb1
Nc6 15. O-O a5 16. Bd3 g6 17. Nbd2 Ne5 18. Nxe5 Bxe5 19. f4 Bg7 20. f5 Qg5 21.
Nf3 Qe3+ 22. Kh1 Rac8 23. Rxc8 Rxc8 24. h3 Bd5 25. Nh2 Qxh3 0-1

[Event "X GRAN TORNEO INTERNACIONAL AFICIONADOS S-2300 "]
[Site "Benidorm (Alicante - SPAIN)"]
[Date "2011.12.09"]
[Round "9"]
[Board "1"]
[White "Parals Marce, Luis"]
[Black "Lillo Ferrer, Jose Maria M"]
[Result "0-1"]
[WhiteElo "2007"]
[BlackElo "2126"]
[PlyCount "58"]
[EventDate "2011.12.02"]
[EventRounds "10"]
[EventCountry "ESP"]

1. d4 d6 2. c4 g6 3. Nc3 Bg7 4. e4 Nf6 5. Nf3 O-O 6. Be2 Nbd7 7. O-O e5 8. d5
a5 9. Bg5 h6 10. Bd2 Nc5 11. Qc2 Nh5 12. Ne1 Nf4 13. Nd3 Nxe2+ 14. Nxe2 Nxe4
15. Bc1 f5 16. f4 c6 17. Be3 cxd5 18. cxd5 Bd7 19. Rac1 Kh7 20. Kh1 Rc8 21. Qd1
Qe7 22. Bb6 a4 23. b3 axb3 24. Qxb3 Nd2 25. Qb4 Nxf1 26. Rxf1 Rc2 27. Ndc1 Rfc8
28. Re1 R8c4 29. Qa5 exf4 0-1

[Event "X GRAN TORNEO INTERNACIONAL AFICIONADOS S-2300 "]
[Site "Benidorm (Alicante - SPAIN)"]
[Date "2011.12.09"]
[Round "9"]
[Board "1"]
[White "Mingarro Carceller, Sergi"]
[Black "Jordan Martinez, David"]
[Result "1/2-1/2"]
[WhiteElo "2093"]
[BlackElo "2175"]
[PlyCount "25"]
[EventDate "2011.12.02"]
[EventRounds "10"]
[EventCountry "ESP"]

1. e4 c6 2. d4 d5 3. e5 g6 4. c4 Nh6 5. Nc3 Bg7 6. cxd5 cxd5 7. Qb3 Nc6 8. Bxh6
Bxh6 9. Nf3 O-O 10. h3 Rb8 11. Be2 Bf5 12. O-O e6 13. Rfd1 1/2-1/2

[Event "X GRAN TORNEO INTERNACIONAL AFICIONADOS S-2300 "]
[Site "Benidorm (Alicante - SPAIN)"]
[Date "2011.12.09"]
[Round "9"]
[Board "1"]
[White "Cucarella Montell, Angels"]
[Black "Martinez Lopez, Jaime"]
[Result "1-0"]
[WhiteElo "1923"]
[BlackElo "2105"]
[PlyCount "37"]
[EventDate "2011.12.02"]
[EventRounds "10"]
[EventCountry "ESP"]

1. e4 e6 2. d4 d5 3. Bd3 c5 4. exd5 exd5 5. Nf3 Nf6 6. O-O Be7 7. dxc5 O-O 8.
Nc3 Bg4 9. h3 Bh5 10. Bg5 Nbd7 11. g4 Bg6 12. Bxg6 hxg6 13. Nxd5 Bxc5 14. Qd3
Rc8 15. Rad1 Be7 16. Rfe1 Re8 17. Nxe7+ Rxe7 18. Bxf6 Rxe1+ 19. Nxe1 1-0

[Event "X GRAN TORNEO INTERNACIONAL AFICIONADOS S-2300 "]
[Site "Benidorm (Alicante - SPAIN)"]
[Date "2011.12.09"]
[Round "9"]
[Board "1"]
[White "Sarto Ramos, Angel"]
[Black "Quimi, Marco"]
[Result "0-1"]
[WhiteElo "2011"]
[BlackElo "2163"]
[PlyCount "57"]
[EventDate "2011.12.02"]
[EventRounds "10"]
[EventCountry "ESP"]

1. d4 Nf6 2. Nf3 d5 3. Nbd2 Bf5 4. Nh4 e6 5. Nxf5 exf5 6. c4 c6 7. cxd5 cxd5 8.
Qb3 Qc8 9. Nf3 Be7 10. Bf4 O-O 11. Rc1 Nc6 12. a3 Qd7 13. e3 Rac8 14. Qd1 Ne4
15. Bb5 f6 16. h4 a6 17. Bd3 b5 18. O-O Na5 19. b4 Nc4 20. Bxc4 bxc4 21. Nd2
Bd6 22. Nxe4 fxe4 23. Bxd6 Qxd6 24. f3 exf3 25. Qxf3 Rfe8 26. Rc3 Re6 27. h5 h6
28. Qf5 Rce8 29. Rf3 0-1

[Event "X GRAN TORNEO INTERNACIONAL AFICIONADOS S-2300 "]
[Site "Benidorm (Alicante - SPAIN)"]
[Date "2011.12.09"]
[Round "9"]
[Board "1"]
[White "Vinals, Rioja Jaume"]
[Black "Spanton, Tim R"]
[Result "0-1"]
[WhiteElo "2039"]
[BlackElo "1978"]
[PlyCount "38"]
[EventDate "2011.12.02"]
[EventRounds "10"]
[EventCountry "ESP"]

1. e4 e6 2. d3 d5 3. Nd2 Nf6 4. Ngf3 c5 5. g3 Nc6 6. Bg2 Be7 7. O-O O-O 8. e5
Nd7 9. Re1 f6 10. exf6 Nxf6 11. Nf1 Bd6 12. c3 e5 13. Bg5 h6 14. Bxf6 Qxf6 15.
Qb3 Ne7 16. Ne3 Be6 17. Rf1 Rab8 18. Rae1 d4 19. Nc4 b5 0-1

[Event "X GRAN TORNEO INTERNACIONAL AFICIONADOS S-2300 "]
[Site "Benidorm (Alicante - SPAIN)"]
[Date "2011.12.09"]
[Round "9"]
[Board "1"]
[White "Olias Munoz, Francisco"]
[Black "Rios Torondell, Jaume"]
[Result "1-0"]
[WhiteElo "1955"]
[BlackElo "2036"]
[PlyCount "45"]
[EventDate "2011.12.02"]
[EventRounds "10"]
[EventCountry "ESP"]

1. e4 e6 2. d4 d5 3. e5 c5 4. c3 Qb6 5. Nf3 Nc6 6. a3 c4 7. Be2 Na5 8. Nbd2 Bd7
9. O-O O-O-O 10. Rb1 h6 11. b3 cxb3 12. c4 dxc4 13. Nxc4 Nxc4 14. Bxc4 Ba4 15.
Bxb3 Bxb3 16. Rxb3 Qc6 17. Be3 Qd5 18. Qc2+ Kb8 19. Rc1 Ne7 20. Qc7+ Ka8 21.
Rb5 Qd7 22. Rxb7 Qxc7 23. Rcxc7 1-0

[Event "X GRAN TORNEO INTERNACIONAL AFICIONADOS S-2300 "]
[Site "Benidorm (Alicante - SPAIN)"]
[Date "2011.12.09"]
[Round "9"]
[Board "1"]
[White "Codina Tormo, Julia"]
[Black "Westerweele, Henrik"]
[Result "1/2-1/2"]
[WhiteElo "2033"]
[BlackElo "1961"]
[PlyCount "32"]
[EventDate "2011.12.02"]
[EventRounds "10"]
[EventCountry "ESP"]

1. e4 e6 2. d4 d5 3. Nc3 Bb4 4. e5 Ne7 5. a3 Bxc3+ 6. bxc3 c5 7. Nf3 Nbc6 8.
Bd3 c4 9. Be2 Qa5 10. Bd2 Bd7 11. O-O Ng6 12. h4 O-O-O 13. Qc1 f6 14. h5 Nge7
15. Re1 f5 16. Ng5 Rdf8 1/2-1/2

[Event "X GRAN TORNEO INTERNACIONAL AFICIONADOS S-2300 "]
[Site "Benidorm (Alicante - SPAIN)"]
[Date "2011.12.09"]
[Round "9"]
[Board "1"]
[White "Ridameya, Tatche Jose Miguel"]
[Black "Gutierrez Lucas, Jose Luis"]
[Result "1-0"]
[WhiteElo "1938"]
[BlackElo "2028"]
[PlyCount "47"]
[EventDate "2011.12.02"]
[EventRounds "10"]
[EventCountry "ESP"]

1. e4 c6 2. c4 d5 3. exd5 cxd5 4. d4 Nf6 5. Nc3 g6 6. Bg5 Bg7 7. Bxf6 Bxf6 8.
Nxd5 Bg7 9. Nf3 Nc6 10. Be2 O-O 11. O-O e6 12. Nc3 Nxd4 13. Nxd4 Bxd4 14. Qc2
Be5 15. Rad1 Qe7 16. Rfe1 Bb8 17. g3 a6 18. Bf1 f5 19. Nd5 Qf7 20. Nb6 Ra7 21.
c5 f4 22. Bc4 fxg3 23. hxg3 Kg7 24. Nxc8 1-0

[Event "X GRAN TORNEO INTERNACIONAL AFICIONADOS S-2300 "]
[Site "Benidorm (Alicante - SPAIN)"]
[Date "2011.12.09"]
[Round "9"]
[Board "1"]
[White "Fernandez Rubio, Rafael"]
[Black "Rios Garcia, Miguel"]
[Result "1-0"]
[WhiteElo "2065"]
[BlackElo "2006"]
[PlyCount "65"]
[EventDate "2011.12.02"]
[EventRounds "10"]
[EventCountry "ESP"]

1. c4 Nf6 2. Nc3 g6 3. g3 Bg7 4. Bg2 O-O 5. d4 Re8 6. e4 d6 7. f4 e5 8. fxe5
dxe5 9. d5 Bg4 10. Qb3 Qc8 11. Be3 Na6 12. h3 Bd7 13. O-O-O Nh5 14. Nge2 b6 15.
Rdf1 Nc5 16. Qc2 f5 17. b4 Nxe4 18. Nxe4 fxe4 19. Bxe4 c5 20. bxc5 bxc5 21.
Bxg6 Qa6 22. Bxh5 Qa3+ 23. Kd2 Rab8 24. Rb1 Rf8 25. Rxb8 Rxb8 26. Rb1 Rf8 27.
Bg4 Bxg4 28. hxg4 e4 29. Nf4 Bd4 30. Rb3 Qa5+ 31. Ke2 Rf6 32. Rb8+ Kf7 33. Qb3
1-0

[Event "X GRAN TORNEO INTERNACIONAL AFICIONADOS S-2300 "]
[Site "Benidorm (Alicante - SPAIN)"]
[Date "2011.12.09"]
[Round "9"]
[Board "1"]
[White "Spitzer Isbert, Ramon"]
[Black "Garcia, Esteban Ignacio"]
[Result "1-0"]
[WhiteElo "2062"]
[BlackElo "1982"]
[PlyCount "55"]
[EventDate "2011.12.02"]
[EventRounds "10"]
[EventCountry "ESP"]

1. c4 Nf6 2. d4 e5 3. e3 exd4 4. exd4 Bb4+ 5. Nc3 O-O 6. Be2 d5 7. Qb3 Nc6 8.
Nf3 dxc4 9. Bxc4 Qe7+ 10. Be2 Bg4 11. Be3 Rfd8 12. O-O-O Bh5 13. g4 Bg6 14. h4
Na5 15. Qa4 a6 16. Ne5 b5 17. Nxg6 hxg6 18. Qc2 Nc4 19. Bxc4 bxc4 20. g5 Nh5
21. Rhe1 Qd7 22. a3 Ba5 23. Re2 Bxc3 24. Qxc3 Qg4 25. Qxc4 c5 26. Rc2 Nf4 27.
d5 Qxh4 28. Qxf4 1-0

[Event "X GRAN TORNEO INTERNACIONAL AFICIONADOS S-2300 "]
[Site "Benidorm (Alicante - SPAIN)"]
[Date "2011.12.09"]
[Round "9"]
[Board "1"]
[White "Lopez Garcia, Francisco Andres"]
[Black "Perez Garcia, Jose Miguel"]
[Result "1/2-1/2"]
[WhiteElo "2005"]
[BlackElo "2029"]
[PlyCount "35"]
[EventDate "2011.12.02"]
[EventRounds "10"]
[EventCountry "ESP"]

1. e4 c5 2. Nf3 e6 3. d4 cxd4 4. Nxd4 a6 5. Nd2 Qc7 6. Bd3 Nf6 7. O-O d6 8.
N2f3 Nbd7 9. Qe2 Be7 10. Bg5 O-O 11. Rad1 b5 12. c3 Bb7 13. Rfe1 Nc5 14. e5
dxe5 15. Nxe5 Nxd3 16. Rxd3 Nd5 17. Bxe7 Qxe7 18. Rg3 1/2-1/2

[Event "X GRAN TORNEO INTERNACIONAL AFICIONADOS S-2300 "]
[Site "Benidorm (Alicante - SPAIN)"]
[Date "2011.12.09"]
[Round "9"]
[Board "1"]
[White "Alonso Jimenez, Joan"]
[Black "**Corrales, Ibanez Pedro Luis"]
[Result "0-1"]
[WhiteElo "1985"]
[BlackElo "1895"]
[PlyCount "36"]
[EventDate "2011.12.02"]
[EventRounds "10"]
[EventCountry "ESP"]

1. Nc3 d5 2. e4 dxe4 3. Bc4 Nf6 4. f3 exf3 5. Nxf3 e6 6. O-O c5 7. Qe2 Nc6 8.
d3 Be7 9. Bf4 a6 10. a4 O-O 11. Rae1 Nd5 12. Be5 Nxe5 13. Nxe5 Bf6 14. Nd1 Qd6
15. Ng4 Bh4 16. Nh6+ gxh6 17. Qg4+ Bg5 18. h4 f5 0-1

[Event "X GRAN TORNEO INTERNACIONAL AFICIONADOS S-2300 "]
[Site "Benidorm (Alicante - SPAIN)"]
[Date "2011.12.10"]
[Round "10"]
[Board "1"]
[White "Navarro Lopez-Menchero, Daniel"]
[Black "Villuendas Valero, Adrian"]
[Result "1/2-1/2"]
[WhiteElo "2230"]
[BlackElo "2267"]
[PlyCount "82"]
[EventDate "2011.12.02"]
[EventRounds "10"]
[EventCountry "ESP"]

1. e4 e6 2. d4 d5 3. Nc3 Nf6 4. Bg5 Be7 5. e5 Nfd7 6. h4 O-O 7. Bd3 c5 8. Nh3
g6 9. Bh6 cxd4 10. Bxf8 Bxf8 11. Ne2 Nxe5 12. h5 Qh4 13. hxg6 hxg6 14. Ng3 Nbc6
15. Qe2 Nxd3+ 16. cxd3 e5 17. Ng1 Qf4 18. Nh3 Qh4 19. Ng1 Qf4 20. Nh3 Qg4 21.
Qxg4 Bxg4 22. f3 Bd7 23. a3 Bh6 24. Nf2 Kg7 25. b4 f5 26. Kf1 Nd8 27. Ne2 Ne6
28. g4 Bg5 29. gxf5 gxf5 30. Kg2 Nf4+ 31. Nxf4 Bxf4 32. Rag1 Rc8 33. Kf1+ Kf6
34. Rh7 Rc1+ 35. Kg2 Bc6 36. Rxc1 Bxc1 37. b5 Bxb5 38. Rxb7 a6 39. Rb6+ Ke7 40.
a4 Bxa4 41. Rxa6 Be8 1/2-1/2

[Event "X GRAN TORNEO INTERNACIONAL AFICIONADOS S-2300 "]
[Site "Benidorm (Alicante - SPAIN)"]
[Date "2011.12.10"]
[Round "10"]
[Board "1"]
[White "Exposito Amaro, Josue"]
[Black "Sanchez, Botella Luis Javier"]
[Result "1-0"]
[WhiteElo "2250"]
[BlackElo "2221"]
[PlyCount "59"]
[EventDate "2011.12.02"]
[EventRounds "10"]
[EventCountry "ESP"]

1. e4 c5 2. Nc3 Nc6 3. f4 g6 4. Nf3 Bg7 5. Bb5 Nd4 6. O-O a6 7. Bc4 b5 8. Bd5
Rb8 9. d3 e6 10. Bb3 d6 11. Nxd4 cxd4 12. Ne2 Ne7 13. Qe1 O-O 14. Qf2 Nc6 15.
f5 exf5 16. Ng3 f4 17. Bxf4 Be6 18. Qd2 a5 19. Bg5 Qd7 20. Bf6 Bxf6 21. Rxf6 a4
22. Bd5 Ne7 23. Qg5 Rbc8 24. Raf1 Bxd5 25. exd5 Rc5 26. Ne4 Rxd5 27. Qh6 Rh5
28. Rxg6+ Nxg6 29. Nf6+ Kh8 30. Qxh5 1-0

[Event "X GRAN TORNEO INTERNACIONAL AFICIONADOS S-2300 "]
[Site "Benidorm (Alicante - SPAIN)"]
[Date "2011.12.10"]
[Round "10"]
[Board "1"]
[White "Suarez Uriel, Adrian"]
[Black "Voiteanu, Gabriel"]
[Result "1/2-1/2"]
[WhiteElo "2238"]
[BlackElo "2293"]
[PlyCount "109"]
[EventDate "2011.12.02"]
[EventRounds "10"]
[EventCountry "ESP"]

1. e4 e5 2. Nf3 Nf6 3. d4 Nxe4 4. Bd3 d5 5. dxe5 Be7 6. O-O Nc5 7. Nc3 Nxd3 8.
Qxd3 c6 9. Re1 Be6 10. Nd4 Qd7 11. f4 g6 12. Rf1 c5 13. Nxe6 fxe6 14. Ne2 Nc6
15. Bd2 O-O-O 16. a3 c4 17. Qc3 Bc5+ 18. Kh1 d4 19. Qh3 Ne7 20. Bb4 Bb6 21. Ng3
Nf5 22. Ne4 Qd5 23. Rfe1 Rhg8 24. Rab1 Rgf8 25. Ra1 Rh8 26. Nd6+ Nxd6 27. exd6
Qf5 28. Qxf5 exf5 29. a4 a5 30. Ba3 Rde8 31. Re7 Rxe7 32. dxe7 Kd7 33. Re1 Bc7
34. Rd1 Bb6 35. c3 d3 36. b3 Be3 37. g3 g5 38. fxg5 d2 39. bxc4 Rc8 40. Bc1
Kxe7 41. Bxd2 Bxd2 42. Rxd2 Rxc4 43. Rb2 Kf7 44. Rxb7+ Kg6 45. h4 Rxc3 46. Kg2
Ra3 47. Rb6+ Kg7 48. h5 Rxa4 49. Rb7+ Kg8 50. Rb5 f4 51. gxf4 Rxf4 52. Rxa5 Rh4
53. h6 Kf7 54. Kg3 Rh1 55. Ra6 1/2-1/2

[Event "X GRAN TORNEO INTERNACIONAL AFICIONADOS S-2300 "]
[Site "Benidorm (Alicante - SPAIN)"]
[Date "2011.12.10"]
[Round "10"]
[Board "1"]
[White "Lara Lopez, Jose"]
[Black "Inants, Aghasi"]
[Result "0-1"]
[WhiteElo "2231"]
[BlackElo "2288"]
[PlyCount "106"]
[EventDate "2011.12.02"]
[EventRounds "10"]
[EventCountry "ESP"]

1. e4 Nc6 2. d4 d5 3. e5 Bf5 4. Ne2 e6 5. Ng3 Bg6 6. h4 f6 7. h5 Bf7 8. Bb5 a6
9. Bxc6+ bxc6 10. O-O f5 11. c4 Ne7 12. Qa4 Qd7 13. Nc3 Nc8 14. Qc2 Be7 15. Na4
O-O 16. h6 Bg6 17. hxg7 Kxg7 18. Bf4 dxc4 19. Nc5 Qd5 20. Qe2 Bxc5 21. dxc5
Qxc5 22. Nh5+ Kf7 23. b4 Qxb4 24. Rab1 Qe7 25. Nf6 Nb6 26. Bg5 Qa3 27. Rbd1
Rfd8 28. Rxd8 Rxd8 29. Nxh7 Qd3 30. Qxd3 Rxd3 31. Nf6 c3 32. Rc1 Nd5 33. Kf1
Nxf6 34. exf6 e5 35. g3 Bh5 36. Kg2 Bf3+ 37. Kh3 Rd1 38. Rxd1 Bxd1 39. Kg2 c2
40. Bc1 Kxf6 41. f4 e4 42. Kf2 Ke6 43. Ke3 Kd5 44. Bb2 Kc4 45. Kd2 c5 46. Ba3
c6 47. Bb2 Kb4 48. Ke3 a5 49. Kd2 c4 50. Ke3 c3 51. Bc1 c5 52. Kf2 Bh5 53. Ke3
a4 0-1

[Event "X GRAN TORNEO INTERNACIONAL AFICIONADOS S-2300 "]
[Site "Benidorm (Alicante - SPAIN)"]
[Date "2011.12.10"]
[Round "10"]
[Board "1"]
[White "Muratet Casadevall, Albert"]
[Black "Rogac, Srdjan"]
[Result "0-1"]
[WhiteElo "2164"]
[BlackElo "2287"]
[PlyCount "84"]
[EventDate "2011.12.02"]
[EventRounds "10"]
[EventCountry "ESP"]

1. e4 c5 2. c3 d5 3. exd5 Qxd5 4. d4 Nc6 5. Nf3 Bg4 6. Be2 cxd4 7. cxd4 e6 8.
h3 Bh5 9. Nc3 Qa5 10. d5 exd5 11. Nd4 Bxe2 12. Qxe2+ Be7 13. Nxc6 bxc6 14. O-O
Kf8 15. Bd2 Qd8 16. Rac1 Bg5 17. Bxg5 Qxg5 18. Qa6 Ne7 19. Qb7 Re8 20. Rfe1 h5
21. Qxa7 Rh6 22. Rc2 Rg6 23. f4 Qxf4 24. Rf2 Qg3 25. Re3 Qd6 26. Rfe2 Re6 27.
Rxe6 fxe6 28. a4 Kg8 29. a5 Nf5 30. a6 h4 31. Na4 Qb4 32. Qd7 Re7 33. Qxc6 Nd4
34. Qc8+ Kh7 35. Re5 Nf3+ 36. gxf3 Qd4+ 37. Kh1 Qxe5 38. Qc2+ Kg8 39. Qf2 d4
40. Qxh4 Rc7 41. Qf2 Qd6 42. Kg2 e5 0-1

[Event "X GRAN TORNEO INTERNACIONAL AFICIONADOS S-2300 "]
[Site "Benidorm (Alicante - SPAIN)"]
[Date "2011.12.10"]
[Round "10"]
[Board "1"]
[White "Seletsky, Grigory"]
[Black "Sgircea, Silvia-Raluca"]
[Result "0-1"]
[WhiteElo "2280"]
[BlackElo "2240"]
[PlyCount "34"]
[EventDate "2011.12.02"]
[EventRounds "10"]
[EventCountry "ESP"]

1. e4 c5 2. f4 g6 3. Nf3 Bg7 4. Nc3 Nc6 5. Bc4 d6 6. d3 e6 7. a3 Nge7 8. Ba2
O-O 9. O-O Nd4 10. Kh1 f5 11. Ne2 Nxf3 12. Rxf3 Kh8 13. Ng1 Nc6 14. c3 e5 15.
Qe1 Bd7 16. Bd2 exf4 17. Bxf4 Ne5 {irreprodcuible} 0-1

[Event "X GRAN TORNEO INTERNACIONAL AFICIONADOS S-2300 "]
[Site "Benidorm (Alicante - SPAIN)"]
[Date "2011.12.10"]
[Round "10"]
[Board "1"]
[White "Bosque Ortega, Xavier"]
[Black "Martin Alvarez, Inigo"]
[Result "1-0"]
[WhiteElo "2229"]
[BlackElo "2262"]
[PlyCount "55"]
[EventDate "2011.12.02"]
[EventRounds "10"]
[EventCountry "ESP"]

1. d4 Nf6 2. Bf4 c5 3. e3 d5 4. c3 Qb6 5. Qb3 c4 6. Qc2 Nc6 7. Nd2 g6 8. e4
Nxe4 9. Nxe4 dxe4 10. Bxc4 Bg7 11. Be3 Qc7 12. Qxe4 Bf5 13. Qf4 e5 14. dxe5
Bxe5 15. Qh4 O-O 16. Nf3 Bg7 17. O-O Na5 18. Bd5 Rad8 19. Rad1 b5 20. Bxf7+
Kxf7 21. Ng5+ Ke8 22. Bf4 Rxd1 23. Bxc7 Rxf1+ 24. Kxf1 Nc4 25. Nxh7 g5 26. Qh5+
Rf7 27. Nxg5 Ne3+ 28. Kg1 1-0

[Event "X GRAN TORNEO INTERNACIONAL AFICIONADOS S-2300 "]
[Site "Benidorm (Alicante - SPAIN)"]
[Date "2011.12.10"]
[Round "10"]
[Board "1"]
[White "Fos Santacreu, Juan Andres"]
[Black "Turcu, Iulian"]
[Result "0-1"]
[WhiteElo "2293"]
[BlackElo "2217"]
[PlyCount "70"]
[EventDate "2011.12.02"]
[EventRounds "10"]
[EventCountry "ESP"]

1. c4 Nf6 2. Nc3 d5 3. cxd5 Nxd5 4. g3 g6 5. Bg2 Nxc3 6. bxc3 Bg7 7. Nf3 O-O 8.
O-O Nc6 9. d4 Na5 10. Bf4 b6 11. Qc1 Bb7 12. Bh6 Rc8 13. Bxg7 Kxg7 14. Rd1 Qd5
15. Nh4 Qd7 16. e4 Rfd8 17. Qg5 h6 18. Qe3 e6 19. Bf1 c5 20. d5 exd5 21. exd5
c4 22. Bg2 Rc5 23. Qe5+ Kh7 24. Rd4 Re8 25. Qf4 Bc8 26. Qf6 Nb7 27. Bh3 Qe7 28.
Qxe7 Rxe7 29. Bf1 Nd6 30. Ng2 Bh3 31. Rdd1 Bxg2 32. Bxg2 Re8 33. Rac1 Rb5 34.
Rc2 Kg7 35. f4 Nf5 {irreproducible} 0-1

[Event "X GRAN TORNEO INTERNACIONAL AFICIONADOS S-2300 "]
[Site "Benidorm (Alicante - SPAIN)"]
[Date "2011.12.10"]
[Round "10"]
[Board "1"]
[White "Lanza, Luciano"]
[Black "Gromovs, Sergejs"]
[Result "0-1"]
[WhiteElo "2178"]
[BlackElo "2275"]
[PlyCount "70"]
[EventDate "2011.12.02"]
[EventRounds "10"]
[EventCountry "ESP"]

1. e4 e6 2. d4 d5 3. e5 c5 4. c3 Nc6 5. Nf3 Qb6 6. a3 a5 7. Be2 a4 8. O-O Bd7
9. dxc5 Bxc5 10. c4 d4 11. Nbd2 Nge7 12. b4 axb3 13. Nxb3 Ng6 14. Nxc5 Qxc5 15.
a4 Ngxe5 16. Ng5 d3 17. Bxd3 Nxd3 18. Qxd3 Ne5 19. Qc3 f6 20. Ne4 Qc6 21. f4
Qxe4 22. fxe5 Bc6 23. Qg3 O-O-O 24. Re1 Qxc4 25. Be3 f5 26. a5 g5 27. Rac1 Qa4
28. Bb6 f4 29. Qg4 Rd2 30. Qxe6+ Kb8 31. Rxc6 Qxc6 32. Qxc6 bxc6 33. e6 Re8 34.
e7 Kb7 35. Rb1 Rd5 0-1

[Event "X GRAN TORNEO INTERNACIONAL AFICIONADOS S-2300 "]
[Site "Benidorm (Alicante - SPAIN)"]
[Date "2011.12.10"]
[Round "10"]
[Board "1"]
[White "Barbero Senidic, Alejandro"]
[Black "Escudero Manzano, Alejandro"]
[Result "1-0"]
[WhiteElo "2269"]
[BlackElo "2174"]
[PlyCount "109"]
[EventDate "2011.12.02"]
[EventRounds "10"]
[EventCountry "ESP"]

1. e4 c5 2. Nf3 Nc6 3. d4 cxd4 4. Nxd4 Nf6 5. Nc3 e5 6. Ndb5 d6 7. Bg5 a6 8.
Na3 b5 9. Nd5 Be7 10. Bxf6 Bxf6 11. c4 b4 12. Nc2 O-O 13. Be2 a5 14. O-O Bg5
15. Qd3 Be6 16. Rfd1 Ra7 17. a3 bxa3 18. Qxa3 f5 19. Nc3 Rd7 20. Nb5 fxe4 21.
Nxd6 Be7 22. c5 Bxd6 23. Rxd6 Rxd6 24. cxd6 Qb6 25. Ne3 Nd4 26. Bd1 Rd8 27.
Qxa5 Qxd6 28. b4 Nc6 29. Qc5 Nxb4 30. Qxd6 Rxd6 31. h4 g6 32. g4 Nd3 33. Ra8+
Kg7 34. Ra7+ Rd7 35. Ra5 Rf7 36. Ra6 Bc8 37. Ra8 Be6 38. Ra6 Bc8 39. Rc6 Bd7
40. Rd6 Nxf2 41. Bb3 Nh3+ 42. Kh2 Rf2+ 43. Kxh3 Rf3+ 44. Kg2 Bc8 45. Rd3 Bxg4
46. Rc3 Bh3+ 47. Kh2 Kh6 48. Bd1 Rf4 49. Kxh3 g5 50. Rc6+ Kg7 51. hxg5 Rf7 52.
Kg4 Kf8 53. Nf5 Rb7 54. Rc8+ Kf7 55. Nd6+ 1-0

[Event "X GRAN TORNEO INTERNACIONAL AFICIONADOS S-2300 "]
[Site "Benidorm (Alicante - SPAIN)"]
[Date "2011.12.10"]
[Round "10"]
[Board "1"]
[White "Garcia Ramos, Marcos"]
[Black "Gilea, Lucian"]
[Result "1/2-1/2"]
[WhiteElo "2118"]
[BlackElo "2269"]
[PlyCount "41"]
[EventDate "2011.12.02"]
[EventRounds "10"]
[EventCountry "ESP"]

1. e4 c5 2. Nf3 a6 3. c4 Nc6 4. d4 cxd4 5. Nxd4 Nf6 6. Nc3 d6 7. Be2 g6 8. O-O
Bg7 9. Be3 O-O 10. b3 Qa5 11. Rc1 Bd7 12. f3 Rac8 13. Qd2 Nxd4 14. Bxd4 b5 15.
Rfd1 b4 16. Nd5 Nxd5 17. Bxg7 Kxg7 18. exd5 Bf5 19. a4 Qc5+ 20. Qd4+ Qxd4+ 21.
Rxd4 1/2-1/2